000 00690nam a22002297a 4500
999 _c168551
_d168551
005 20191015113732.0
010 _aENG-126659
020 _a9789353438104
_c729.00
035 _aEN-110191
037 _bDBAD/PUB
082 _a005.453
100 _aAho, Alfred V.
245 _aCompilers /
_cby Alfred V. Aho...[et al]
260 _aNoida
_bPearson India Education Services
_c2020
270 _a15th Floor, Tower-B, World Trade Tower, Plot No.1
_bBlock-C, Sector-16, Noida
_e201301
300 _a948p.
_c24cm(pbk)
500 _aIncludes index
700 _aUllman, Jeffery D.
700 _aMonica S Lam
700 _aSethi, R.
942 _2ddc
_cEN
_h005.453
_mAHO